Missing Word: Missing Head Quiz Stats

 Plays Quiz Updated Dec 29, 2012

Support Sporcle.
Go Orange.
Score 0/16 Timer 03:00
0 Plays Today
Beheaded Person Missing Name % Correct
______ AntoinetteMarie
95.5%
____ BoleynAnne
91.4%
_____, Queen of ScotsMary
90%
______ XVI of FranceLouis
82%
Sir _______ RaleighWalter
81.4%
_______ WallaceWilliam
73.8%
______ Cromwell*Oliver
72.9%
Lady _____ GreyJane
66.7%
Beheaded Person Missing Name % Correct
Saint Sir ______ MoreThomas
61.7%
_______ RobespierreMaximilien
18.1%
_____ TylerWat
15.6%
_______ LavoisierAntoine
14.8%
_____ DantonGeorges
14.3%
_______ CordayCharlotte
12.5%
Pope _____ IStephen
7.1%
Prince ______ bin Musa'idFaisal
3.4%

Today's Daily Dose

You're not logged in!

Compare scores with friends on all Sporcle quizzes.
OR
Log In

From the Vault

A Million Times for President

by Hejman

Some people would love to vote a million times, but we're not sure it's worth waiting in line over and over again.
Remove Ads.
Support Sporcle.
Get the best of Sporcle when you Go Orange. This ad-free experience offers more features, more stats, and more fun while also helping to support Sporcle. Thank you for becoming a member.

Show Comments

Extras

Top Quizzes Today


Score Distribution

Your Account Isn't Verified!

In order to create a playlist on Sporcle, you need to verify the email address you used during registration. Go to your Sporcle Settings to finish the process.

Report this User

Report this user for behavior that violates our Community Guidelines.

Details: